000 00299nam a2200121 i 4500
001 bg
245 0 _aJowisz odbiornik telewizji kolorowej /
_cp.red. J. Podobasa i J. Kani.
260 _aWarszawa,
_c1981.
040 _cBPK
041 _apol
942 _cKS
008 s pl f |000 0 pol
999 _c9406
_d9406
856 _uhttp://koha.tu.koszalin.pl/cgi-bin/koha/opac-detail.pl?biblionumber=9406
_yKatalog online BPK